000 00462nam a22001937a 4500
003 MPLRDC
005 20220104113908.0
008 210129b ||||| |||| 00| 0 eng d
020 _a7-5072-0754-4
082 _a848.4 ST
100 _a苏童著
245 _a城北地带
_c
250 _a一版一刷
260 _a
_b今日中国出版社
_c1994
300 _b
490 _a中国当代名家文库
650 _a现代别集
942 _cBK
_o848.4 ST
999 _c3201
_d3191